Aesthtics and Ethics (0 521 77805 6)

সংরক্ষণ করুন:
গ্রন্থ-পঞ্জীর বিবরন
প্রধান লেখক: JERROLD LEVINSON
বিন্যাস: গ্রন্থ
ভাষা:Undetermined
প্রকাশিত: Cambridge 1998
ট্যাগগুলো: ট্যাগ যুক্ত করুন
কোনো ট্যাগ নেই, প্রথমজন হিসাবে ট্যাগ করুন!
Thư viện lưu trữ: Trung tâm Học liệu Trường Đại học Cần Thơ
LEADER 00394nam a2200145Ia 4500
001 CTU_49318
008 210402s9999 xx 000 0 und d
082 |a 111.85 
082 |b A253 
100 |a JERROLD LEVINSON 
245 0 |a Aesthtics and Ethics (0 521 77805 6) 
245 0 |c JERROLD LEVINSON 
260 |b Cambridge 
260 |c 1998 
980 |a Trung tâm Học liệu Trường Đại học Cần Thơ